Gua̕ prc̀tica fiscal ISR, IVA, IMSS e Infonavit 2016

Detalles Bibliográficos
Autor principal: Přez Chavez, Jos ̌
Formato: Libro
Lenguaje:español
Publicado: Tax Editores Mexico 2016
Materias:
Acceso en línea:Acceso restringido

MARC

LEADER 00000nam a22000007a 4500
005 20160622151757.0
007 cr|||| ||u|
008 160622s2016 mx ||||| |||| 00||0 spa d
020 |a 978-607-440-870-6 
035 |a 14300 
040 |a vLex 
090 |c 6214  |d 6214 
100 0 |a Přez Chavez, Jos ̌ 
245 1 0 |a  Gua̕ prc̀tica fiscal ISR, IVA, IMSS e Infonavit 2016  |h [Recurso electronico] /   |c Jos ̌Přez Chavez  
256 |a Servicio en linea  
260 |a Tax Editores  |b Mexico  |c 2016 
300 |a 1 recurso electronico 
500 |a Mediante esta gua̕, los lectores estarǹ en posibilidad de entender y aplicar de manera inmediata las disposiciones fiscales ms̀ utilizadas, contenidas en nuestros principales ordenamientos tributarios federales, tales como: 1. La Ley del Impuesto sobre la Renta. 2. La Ley del Impuesto al Valor Agregado. 3. La Ley de Ingresos de la Federacin̤ para el Ejercicio Fiscal de 2016. 4. Las cuotas obrero-patronales al IMSS. 5. Las aportaciones al Infonavit. 6. Diversos decretos fiscales. Ello se logra mediante la ilustracin̤ de sencillos casos prc̀ticos alusivos a cada tema. Esta edicin̤ se encuentra actualizada con el nuevo Reglamento de la Ley del Impuesto sobre la Renta, publicado en el Diario Oficial de la Federacin̤ el 8 de octubre de 2015, en vigor a partir del 9 de octubre del mismo aǫ. La presente gua̕ est ̀dirigida a los estudiantes de la materia fiscal, a los maestros de contribuciones, a los encargados de cumplir con las obligaciones fiscales de las personas fs̕icas y morales; y, en general, a cualquier persona que se interese en la materia tributaria. 
506 1 |a Contenido solo disponible en los productos indicados  |d vLex Global  |d vLex Global (Academic Edition, excluding Law Schools)  |d vLex Global (U.S. Academic Edition, Law Schools)  |d vLex Global (U.S. Academic Edition, excluding Law Schools)  |d vLex Global (Academic Edition, Law Schools) 
650 0 4 |a Derecho  |z Mexico 
740 0 |a vLex libros (servicio en linea) 
856 4 0 |u http://vlex.com/source/guia-practica-fiscal-isr-iva-imss-e-infonavit-2016-14300  |z Acceso restringido  
942 |c BOOK 
999 0 |a Law  |b Mexico